Emil Kubek - kňaz, básnik, spisovateľ, jazykovedec, rodoľub

Bibliographic Details
Main Author: Dancák, František, 1939-2018 (Author)
Format: Book
Language:Slovak
PhysicalDescription:79 s. fotogr. 21 cm
Published: Prešov Petra 1999
ISBN:8096797565
Subjects:

MARC

LEADER 00000nam a2200000 a 4500
001 vtls001380899
003 SK-MaSNL
005 20260425234809.0
008 240313s1999 xo a grbh 000 0bslo
015 |a SNBA2000/03-01080 
020 |a 8096797565 
035 |a SNK000334901 
035 |a urn:nbn:sk:snk-amkkjs 
035 |a urn:nbn:sk:snk-am003v5t 
035 |a D70E361B-0904-4565-B3D0-7A11A98DAAB4 
040 |a SNK  |b slo  |c SNK  |e AACR2 
041 0 |a slo 
043 |a e-xo--- 
044 |a xo  |c SK 
072 7 |a 271/279  |x Kresťanské cirkvi, sekty, denominácie  |2 konspekt 
072 7 |a 929  |x Biografie  |2 konspekt 
080 |a (=161.2)  |2 2011 
080 |a 2-722.53  |2 2011 
080 |a 271.2-528.8-722.53  |2 2011 
080 |a 821.161.2-055.1  |2 2011 
080 |a (437.67)  |2 2011 
080 |a 929(092)  |2 2011 
100 1 |a Dancák, František,  |d 1939-2018  |4 aut  |9 99141 
245 1 0 |a Emil Kubek - kňaz, básnik, spisovateľ, jazykovedec, rodoľub  |c František Dancák 
260 |a Prešov  |b Petra  |c 1999 
300 |a 79 s.  |b fotogr.  |c 21 cm 
600 1 7 |a Kubek, Emil  |d 1857-1940  |x biografie  |2 SNKKA  |9 524306 
648 7 |a 19.-20. storočie  |2 SNKPH  |9 279491 
650 0 7 |a Rusíni  |2 SNKPH  |9 4087 
650 0 7 |a rusínski spisovatelia  |2 SNKPH  |9 490645 
650 0 7 |a gréckokatolícki kňazi  |2 SNKPH  |9 68059 
651 7 |a Slovensko východné  |2 SNKPHgeo  |9 161134 
655 7 |a biografie  |2 SNK  |9 27965 
919 |a 80-967975-6-5 
958 |a OND 
958 |a TL 
958 |a NT 
958 |a BX 
999 |c 809199  |d 811129 
952 |t P60, <03>, [BOOK], {603}  |a SNK  |b SNK  |y PREZ  |7 0  |p 17A0224568  |o snkSC 100552  |i snkKSP 551/2000  |0 0  |1 0  |4 0  |d 2000-01-17  |f 1  |l 0  |r 2025-09-19 00:00:00  |w 2026-02-24 
952 |t P60, <04>, [BOOK], {604}  |a SNK  |b SNK  |y VYP  |7 0  |p 17A0224569  |o snkSC 100552 D1  |i snkKSP 552/2000  |0 0  |1 0  |4 0  |d 2000-01-17  |l 0  |r 2005-01-02 00:00:00  |w 2026-02-24